[Event "4NCL 2024-25"]
[Site "England ENG"]
[Date "2025.01.26"]
[Round "4.31"]
[White "Makkar, Rajat"]
[Black "Eggleston, David J"]
[Result "1/2-1/2"]
[WhiteTitle "IM"]
[BlackTitle "IM"]
[WhiteElo "2413"]
[BlackElo "2349"]
[WhiteTeam "The Sharks 1"]
[BlackTeam "Cheddleton Savills Catering"]
[WhiteFideId "36016810"]
[BlackFideId "412120"]
[EventDate "2024.11.23"]

1. d4 Nf6 2. c4 e6 3. Nf3 Bb4+ 4. Nbd2 O-O 5. a3 Be7 6. e4 d6 7. Be2 Nc6 8. b4
e5 9. dxe5 Nxe5 10. Nxe5 dxe5 11. Bb2 Re8 12. Bxe5 Bxb4 13. axb4 Rxe5 14. f4 Re8
15. e5 Ng4 16. Bxg4 Qh4+ 17. g3 Qxg4 18. Qxg4 Bxg4 19. h3 Be6 20. g4 a6 21. Rh2
Rad8 22. f5 Bc8 23. Re2 Rd3 24. O-O-O Rxh3 25. Ne4 h5 26. e6 fxe6 27. fxe6 hxg4
28. e7 Bf5 29. Rd8 Bg6 30. Ng5 Rh1+ 31. Kb2 g3 32. Ka3 g2 33. Rxg2 Re1 34. Rgd2
Rxe7 35. b5 axb5 36. cxb5 Rxd8 37. Rxd8+ Be8 38. Rc8 g6 39. Kb4 Re5 40. Nf3 Re7
41. Ng5 Kf8 42. Rxc7 Rxc7 43. Ne6+ Ke7 44. Nxc7 Bf7 45. Kc5 g5 46. Kd4 Kd6 47.
b6 Bg6 48. Ke3 Kc6 49. Na8 Bf5 50. Kf3 Be6 1/2-1/2

[Event "4NCL 2024-25"]
[Site "England ENG"]
[Date "2025.01.26"]
[Round "4.32"]
[White "Pert, Richard G"]
[Black "Roberson, Peter T"]
[Result "1/2-1/2"]
[WhiteTitle "IM"]
[BlackTitle "IM"]
[WhiteElo "2406"]
[BlackElo "2434"]
[WhiteTeam "Cheddleton Savills Catering"]
[BlackTeam "The Sharks 1"]
[WhiteFideId "404748"]
[BlackFideId "412384"]
[EventDate "2024.11.23"]

1. d4 d5 2. Nf3 Nf6 3. Bf4 c5 4. e3 Nc6 5. Nbd2 Bg4 6. h3 Bxf3 7. Nxf3 e6 8. Be2
Bd6 9. dxc5 Bxf4 10. exf4 Ne4 11. O-O Nxc5 12. c4 d4 13. Qd2 Qf6 14. Rfe1 O-O
15. Bf1 1/2-1/2

[Event "4NCL 2024-25"]
[Site "England ENG"]
[Date "2025.01.26"]
[Round "4.33"]
[White "O'Gorman, Tom"]
[Black "Hebden, Mark L"]
[Result "1/2-1/2"]
[WhiteTitle "IM"]
[BlackTitle "GM"]
[WhiteElo "2391"]
[BlackElo "2383"]
[WhiteTeam "The Sharks 1"]
[BlackTeam "Cheddleton Savills Catering"]
[WhiteFideId "2508249"]
[BlackFideId "400084"]
[EventDate "2024.11.23"]

1. d4 Nf6 2. c4 g6 3. Nc3 Bg7 4. e4 d6 5. Nf3 O-O 6. Be2 e5 7. O-O Nbd7 8. Be3
Qe7 9. dxe5 dxe5 10. Nd5 Qd8 11. Qc2 Nh5 12. g3 c6 13. Nc3 Nhf6 14. Rad1 Qe7 15.
a3 Ng4 16. Bg5 f6 17. Bc1 Nc5 18. b4 Ne6 19. c5 Nh6 20. Na4 Nf7 21. h4 f5 22.
exf5 gxf5 23. Bc4 Kh8 24. Nc3 Nd4 25. Nxd4 exd4 26. Ne2 Ne5 27. Nf4 a5 28. Kg2
axb4 29. axb4 b5 30. Bb3 d3 31. Nxd3 f4 32. Nxf4 Bf5 33. Qe2 Rae8 34. Bc2 Bg4
35. f3 Nxf3 36. Qxe7 Rxe7 37. Rxf3 Re2+ 38. Rf2 Rxc2 39. Rxc2 Bxd1 40. Rd2 Bg4
41. Bb2 Bxb2 42. Rxb2 Re8 43. Rd2 Re4 44. Rd6 Rxb4 45. Rxc6 Rb2+ 46. Kf1 Rc2 47.
h5 b4 48. h6 b3 49. Rb6 Rxc5 50. Rxb3 Kg8 51. Rb7 Bf5 52. g4 Kf8 53. g5 Rc4 54.
Nh5 Re4 55. Nf6 Re7 56. Rb8+ Kf7 57. Kf2 Bg6 58. Rg8 Bf5 59. Kg3 Ke6 60. Kf4 Bc2
61. Rg7 Kd6 62. Kg4 Bd1+ 63. Kh4 Bc2 64. Kh5 Bd1+ 65. Kh4 Bc2 66. Rxh7 Bxh7 67.
Nxh7 Ke6 68. g6 Ra7 69. Ng5+ Kf6 70. h7 Kg7 71. Kh5 Ra5 72. Kg4 Ra4+ 73. Kh5 Ra5
74. Kg4 Ra4+ 75. Kh5 1/2-1/2

[Event "4NCL 2024-25"]
[Site "England ENG"]
[Date "2025.01.26"]
[Round "4.34"]
[White "Williams, Simon K"]
[Black "Price, Gwilym"]
[Result "1-0"]
[WhiteTitle "GM"]
[WhiteElo "2451"]
[BlackElo "2213"]
[WhiteTeam "Cheddleton Savills Catering"]
[BlackTeam "The Sharks 1"]
[WhiteFideId "404454"]
[BlackFideId "443980"]
[EventDate "2024.11.23"]

1. f4 c5 2. Nf3 g6 3. e4 Bg7 4. Be2 Nc6 5. O-O e6 6. d3 Nge7 7. c3 f5 8. e5 d6
9. d4 O-O 10. Na3 Nd5 11. Nc4 dxe5 12. dxe5 Nc7 13. a4 b6 14. Nd6 Ba6 15. Bb5
Bxb5 16. axb5 Ne7 17. Qe2 Nc8 18. Rd1 Qe7 19. Be3 h6 20. Qd2 Nd5 21. Bf2 Nxd6
22. exd6 Qxd6 23. c4 Qxf4 24. cxd5 Qxd2 25. Rxd2 exd5 26. Rxd5 Bxb2 27. Ra2 Bf6
28. Nd2 Rfd8 29. Rxd8+ Rxd8 30. Kf1 Be5 31. Nc4 Bb8 32. Ke2 Kf7 33. Ra3 g5 34.
h3 h5 35. Re3 Rd4 36. Ne5+ Bxe5 37. Rxe5 Rb4 38. Rxf5+ Kg6 39. Rd5 Rb2+ 40. Kf3
g4+ 41. hxg4 hxg4+ 42. Kg3 Rxb5 43. Kxg4 Rb4+ 44. Kf3 a5 45. g4 a4 46. Rd6+ Kf7
47. g5 a3 48. g6+ Kg8 49. Bg3 Rb3+ 50. Kg4 Re3 51. Rxb6 a2 52. Ra6 Re6 53. Rxe6 1-0

[Event "4NCL 2024-25"]
[Site "England ENG"]
[Date "2025.01.26"]
[Round "4.35"]
[White "Dong, Bao Nghia"]
[Black "Pert, Max"]
[Result "0-1"]
[WhiteTitle "FM"]
[BlackTitle "FM"]
[WhiteElo "2189"]
[BlackElo "2323"]
[WhiteTeam "The Sharks 1"]
[BlackTeam "Cheddleton Savills Catering"]
[WhiteFideId "12400343"]
[BlackFideId "456845"]
[EventDate "2024.11.23"]

1. d4 d5 2. c4 e6 3. Nc3 a6 4. e3 Nf6 5. Nf3 Be7 6. g4 dxc4 7. Ne5 c5 8. Bg2 O-O
9. h4 Qc7 10. g5 Nfd7 11. Ng4 Nc6 12. Bxc6 Qxc6 13. d5 exd5 14. Nxd5 Bd8 15. Rg1
Re8 16. Ngf6+ Bxf6 17. gxf6 Nxf6 18. Nxf6+ Qxf6 19. Bd2 Qxb2 20. Rb1 Qxa2 21.
Rb6 Bf5 22. Rxg7+ Kxg7 23. Bc3+ Kg8 24. Qh5 Qc2 25. Qg5+ Bg6 26. Bf6 c3 27. Qh6
Qd2+ 28. Kf1 Qd1+ 29. Kg2 Qg4+ 0-1

[Event "4NCL 2024-25"]
[Site "England ENG"]
[Date "2025.01.26"]
[Round "4.36"]
[White "Kirk, Ezra"]
[Black "Onslow, Alfie"]
[Result "1/2-1/2"]
[WhiteTitle "IM"]
[WhiteElo "2394"]
[BlackElo "2181"]
[WhiteTeam "Cheddleton Savills Catering"]
[BlackTeam "The Sharks 1"]
[WhiteFideId "600067"]
[BlackFideId "436976"]
[EventDate "2024.11.23"]

1. e4 c6 2. d4 d5 3. e5 c5 4. Nf3 cxd4 5. Nxd4 Nc6 6. c4 e6 7. Nc3 Bc5 8. Nxc6
bxc6 9. cxd5 exd5 10. Bd3 Ne7 11. O-O Bf5 12. Bg5 Bxd3 13. Qxd3 O-O 14. Na4 Bb6
15. Qa3 Re8 16. Rac1 Rc8 17. Rfe1 h6 18. Bh4 Qd7 19. Qd6 Qe6 20. Bxe7 Rxe7 21.
Qb4 Rb8 22. Qd2 Rc8 23. b4 Qf5 24. Nxb6 axb6 25. f4 Ra7 26. Re2 Ra3 27. Rd1 Rca8
28. Qc2 Qg4 29. h3 Rxh3 30. e6 fxe6 31. Rde1 Rha3 32. Qxc6 Rxa2 33. Qxe6+ Qxe6
34. Rxe6 Rf8 35. Rf1 Rf6 36. Re8+ Kf7 37. Rd8 Rb2 38. Rxd5 Rxb4 39. Rd7+ Kg6 40.
g3 Rb2 41. Rf2 Rb3 42. Kg2 h5 43. Kh3 Rc6 44. Rd5 Kh6 45. Kh4 g6 46. Kh3 Rbc3
47. Re2 R3c5 48. Rd7 Rc7 49. Ree7 Rxd7 50. Rxd7 b5 51. Rb7 g5 52. Rb6+ Kg7 53.
fxg5 Rxg5 54. Kh4 Rc5 55. g4 hxg4 56. Kxg4 Kf7 57. Kf4 Ke7 58. Ke4 Kd7 59. Kd4
Rh5 60. Kc3 Kc7 61. Rg6 1/2-1/2

[Event "4NCL 2024-25"]
[Site "England ENG"]
[Date "2025.01.26"]
[Round "4.37"]
[White "Hryshchenko, Kamila"]
[Black "Baptie, Justin P"]
[Result "1-0"]
[WhiteTitle "WFM"]
[WhiteElo "2119"]
[BlackElo "2092"]
[WhiteTeam "The Sharks 1"]
[BlackTeam "Cheddleton Savills Catering"]
[WhiteFideId "14147491"]
[BlackFideId "411663"]
[EventDate "2024.11.23"]

1. e4 c5 2. d3 Nc6 3. f4 g6 4. Nf3 Bg7 5. Be2 d6 6. c3 e6 7. O-O Nge7 8. Qe1 b6
9. Qh4 h6 10. Na3 a6 11. Nc2 Ng8 12. Qf2 Nf6 13. h3 d5 14. e5 Ng8 15. Be3 Rb8
16. g4 Nge7 17. Qh4 Bb7 18. d4 cxd4 19. cxd4 Na5 20. Bd3 Nc4 21. Bc1 h5 22. Qg3
hxg4 23. hxg4 b5 24. b3 Na5 25. f5 gxf5 26. gxf5 Bh6 27. Bxh6 Rxh6 28. Qg7 Rh5
29. f6 Kd7 30. fxe7 Qxe7 31. Kf2 Rbh8 32. Ke2 Nc6 33. Rg1 R8h7 34. Bxh7 1-0

[Event "4NCL 2024-25"]
[Site "England ENG"]
[Date "2025.01.26"]
[Round "4.38"]
[White "Pert, Nina"]
[Black "Varnam, Liam D"]
[Result "1-0"]
[WhiteTitle "WCM"]
[WhiteElo "1992"]
[BlackElo "2010"]
[WhiteTeam "Cheddleton Savills Catering"]
[BlackTeam "The Sharks 1"]
[WhiteFideId "456853"]
[BlackFideId "410950"]
[EventDate "2024.11.23"]

1. e4 c5 2. Nf3 Nc6 3. d4 cxd4 4. Nxd4 Nf6 5. Nc3 e5 6. Ndb5 d6 7. Bg5 a6 8. Na3
b5 9. Nd5 Be7 10. Bxf6 Bxf6 11. c3 Rb8 12. Nc2 O-O 13. g3 Bg5 14. h4 Bh6 15. Bh3
Be6 16. Nce3 Bxe3 17. Nxe3 Ne7 18. h5 Qd7 19. g4 Qc6 20. Qf3 d5 21. h6 dxe4 22.
Qg3 g6 23. O-O f6 24. Bg2 g5 25. Rfe1 Ng6 26. Nc2 Nf4 27. Bxe4 Qd7 28. Nb4 Rb6
29. Qe3 Rd6 30. a4 a5 31. axb5 Bxg4 32. Rxa5 Rd1 33. Nc2 Rxe1+ 34. Nxe1 f5 35.
Bc2 Ne2+ 36. Kh2 Qf7 37. Bb3 Qxb3 38. Qxg5+ Kf7 39. Ra7+ Ke6 40. Qe7+ Kd5 41.
Qd7+ Ke4 42. Qd3+ Kf4 43. Qe3# 1-0

[Event "4NCL 2024-25"]
[Site "England ENG"]
[Date "2025.01.26"]
[Round "4.41"]
[White "Rendle, Thomas E"]
[Black "Gormally, Daniel W"]
[Result "0-1"]
[WhiteTitle "IM"]
[BlackTitle "GM"]
[WhiteElo "2378"]
[BlackElo "2428"]
[WhiteTeam "The Sharks 2"]
[BlackTeam "Blackthorne"]
[WhiteFideId "408760"]
[BlackFideId "406465"]
[EventDate "2024.11.23"]

1. d4 Nf6 2. c4 g6 3. g3 Bg7 4. Bg2 O-O 5. Nc3 d6 6. Nf3 Nbd7 7. O-O e5 8. e4 c6
9. h3 Re8 10. Re1 exd4 11. Nxd4 a5 12. Be3 Nc5 13. Qc2 a4 14. Rad1 Nfd7 15. f4
Qa5 16. Bf2 Nb6 17. Bf1 Bd7 18. Nf3 a3 19. Rxd6 axb2 20. e5 Be6 21. Nd2 Nba4 22.
Nxa4 Nxa4 23. Ne4 Bf5 24. Bg2 Bxe4 25. Bxe4 Bf8 26. c5 Bxd6 27. cxd6 Nc3 28.
Qxb2 Nxe4 29. Rxe4 Qxa2 30. Qxa2 Rxa2 31. Rd4 Kf8 32. g4 g5 33. f5 Re2 34. Rd1
Rd8 35. Bg3 Ke8 36. Rb1 b5 37. Kf1 Re4 38. Kf2 Kd7 39. Kf3 Ra4 40. h4 Ra3+ 41.
Kg2 gxh4 42. Bf4 h3+ 43. Kh2 Re8 44. Bg3 Rxg3 45. e6+ fxe6 46. Kxg3 exf5 0-1

[Event "4NCL 2024-25"]
[Site "England ENG"]
[Date "2025.01.26"]
[Round "4.42"]
[White "Bates, Richard A"]
[Black "Prior, Stephen C V"]
[Result "1-0"]
[WhiteTitle "IM"]
[WhiteElo "2311"]
[BlackElo "2008"]
[WhiteTeam "Blackthorne"]
[BlackTeam "The Sharks 2"]
[WhiteFideId "403555"]
[BlackFideId "423378"]
[EventDate "2024.11.23"]

1. d4 Nf6 2. Nf3 e6 3. c4 b6 4. g3 Bb7 5. Bg2 Bb4+ 6. Bd2 Bxd2+ 7. Qxd2 O-O 8.
O-O d5 9. cxd5 exd5 10. Nc3 Nbd7 11. Rac1 c6 12. Qf4 Re8 13. Rfd1 Qe7 14. e3 Nf8
15. Ne5 Ng6 16. Nxg6 hxg6 17. h4 Qb4 18. b3 Re7 19. Bf3 Rae8 20. Kg2 Bc8 21. g4
Ne4 22. Nxe4 dxe4 23. Be2 Bd7 24. g5 Qa5 25. Rc2 Qf5 26. Qxf5 gxf5 27. Kg3 g6
28. b4 c5 29. b5 cxd4 30. Rxd4 Be6 31. Rd6 Kg7 32. a3 Kf8 33. Kf4 Kg7 34. Rcc6
Rh8 35. Kg3 Rhe8 36. a4 Bb3 37. Rd4 Be6 38. Bc4 Bxc4 39. Rcxc4 Rb7 40. Rc6 Rh8
41. Rdc4 Rd7 42. Rc7 Rhd8 43. Rxd7 Rxd7 44. Rc8 Re7 45. Kf4 Rd7 46. Rc2 a6 47.
Rc6 axb5 48. axb5 Rd2 49. Kg3 f4+ 50. Kxf4 Rxf2+ 51. Kxe4 Rh2 52. Rxb6 Rxh4+ 53.
Kf3 Rh5 54. Kg4 Rh1 55. Rd6 Rb1 56. b6 Rb4+ 57. Kf3 Rb5 58. Kf4 Rf5+ 59. Kg4 Rb5
60. e4 Rb4 61. Kf4 Rb5 62. e5 Rb4+ 63. Ke3 Kf8 64. Kd3 Ke7 65. Kc3 Rb5 66. Kd4
Ra5 67. Rc6 Rb5 68. Kc4 Rb1 69. Rd6 Re1 70. Kd5 Rd1+ 71. Kc6 Rc1+ 72. Kb5 Rb1+
73. Ka6 Ra1+ 74. Kb7 Rc1 75. Rc6 Rd1 76. Ka7 Ra1+ 77. Kb8 Ra5 78. Kc7 1-0

[Event "4NCL 2024-25"]
[Site "England ENG"]
[Date "2025.01.26"]
[Round "4.43"]
[White "Birtwistle, Nigel"]
[Black "Ledger, Andrew J"]
[Result "0-1"]
[BlackTitle "IM"]
[WhiteElo "2025"]
[BlackElo "2345"]
[WhiteTeam "The Sharks 2"]
[BlackTeam "Blackthorne"]
[WhiteFideId "406945"]
[BlackFideId "400610"]
[EventDate "2024.11.23"]

1. d4 Nf6 2. Nf3 e6 3. g3 b5 4. Bg2 Bb7 5. O-O c5 6. a4 b4 7. c4 Na6 8. d5 exd5
9. Nh4 Nc7 10. cxd5 Nfxd5 11. e4 Nb6 12. Nf5 Ne6 13. a5 Nc8 14. b3 Be7 15. Bb2
O-O 16. Qg4 f6 17. Rd1 Qe8 18. Bf1 g6 19. Bb5 h5 20. Nxe7+ Nxe7 21. Qe2 Bc6 22.
Nd2 Bxb5 23. Qxb5 Nc6 24. Qc4 Qf7 25. f4 Rae8 26. Qd5 Ned4 27. Qxc5 Nxb3 28.
Nxb3 Qxb3 29. Rab1 Rxe4 30. Rxd7 Qc4 31. Qxc4+ Rxc4 32. a6 Re8 33. Bxf6 Re2 34.
Rbd1 Rcc2 35. Bd4 Nxd4 36. R7xd4 b3 37. Rd8+ Kf7 38. R8d7+ Ke6 39. f5+ Kxf5 40.
Rxa7 Rg2+ 41. Kh1 Rxh2+ 42. Kg1 Rcg2+ 43. Kf1 Ra2 44. Kg1 Rhc2 0-1

[Event "4NCL 2024-25"]
[Site "England ENG"]
[Date "2025.01.26"]
[Round "4.44"]
[White "Ansell, Simon T"]
[Black "Lentzos, Ioanis"]
[Result "1-0"]
[WhiteTitle "IM"]
[WhiteElo "2319"]
[BlackElo "2117"]
[WhiteTeam "Blackthorne"]
[BlackTeam "The Sharks 2"]
[WhiteFideId "402141"]
[BlackFideId "4255470"]
[EventDate "2024.11.23"]

1. e4 c6 2. d4 d5 3. e5 Bf5 4. Nd2 e6 5. Nb3 a6 6. Nf3 c5 7. dxc5 Bxc5 8. Bd3
Ne7 9. O-O Nd7 10. Bg5 Bg4 11. Re1 Qc7 12. Nxc5 Qxc5 13. Bxe7 Kxe7 14. h3 Bh5
15. g4 Bg6 16. Qd2 Rhc8 17. Qf4 Ke8 18. Re3 Rc7 19. h4 Rac8 20. Rae1 Nf8 21. h5
Bxd3 22. cxd3 Qa5 23. a3 Rc1 24. Kg2 Rxe1 25. Rxe1 Rc2 26. Rc1 Rxc1 27. Qxc1 Qb5
28. Qc3 Qc6 29. Qb4 Nd7 30. Qf4 Qc7 31. Qg5 Kf8 32. h6 g6 33. d4 Ke8 34. Qd2 f6
35. exf6 Nxf6 36. Ne5 Qe7 37. Qc2 Kd8 38. f3 Nd7 39. Qe2 Qh4 40. Qe3 Qf6 41. Qg5
Qxg5 42. Nf7+ Kc7 43. Nxg5 Nf8 44. Kg3 Kd6 45. Kf4 Ke7 46. Ke3 Kd6 47. f4 Kc6
48. Nf7 Kb5 49. Kd3 Ka4 50. Kc3 b5 51. Ne5 a5 52. Nd3 Nd7 53. g5 b4+ 54. axb4
axb4+ 55. Nxb4 Kb5 56. Nd3 Ka4 57. Nf2 Kb5 58. Ng4 Nf8 59. Ne5 Ka4 60. b4 Kb5
61. Kb3 1-0

[Event "4NCL 2024-25"]
[Site "England ENG"]
[Date "2025.01.26"]
[Round "4.47"]
[White "Milson, Samuel A"]
[Black "Varney, Zoe"]
[Result "1/2-1/2"]
[BlackTitle "WFM"]
[WhiteElo "2090"]
[BlackElo "2025"]
[WhiteTeam "The Sharks 2"]
[BlackTeam "Blackthorne"]
[WhiteFideId "418838"]
[BlackFideId "436135"]
[EventDate "2024.11.23"]

1. e4 e5 2. Nf3 Nc6 3. Bb5 Nf6 4. d3 Bc5 5. Nc3 a6 6. Ba4 b5 7. Bb3 h6 8. Nd5 d6
9. Nxf6+ Qxf6 10. Bd5 Bd7 11. c3 Rb8 12. O-O Bb6 13. Be3 Ne7 14. Ne1 Nxd5 15.
exd5 O-O 16. Qd2 Rfe8 17. Nc2 Qg6 18. Bxb6 Rxb6 19. f4 Rbb8 20. Rad1 exf4 21.
Qxf4 Re2 22. Rf2 Rbe8 23. Rd2 Qh5 24. Rdxe2 Rxe2 25. Ne3 f6 26. h3 Re1+ 27. Kh2
Qg6 28. Rd2 Bxh3 29. g4 Qe8 30. Nc2 Re2+ 31. Kxh3 g5 32. Rxe2 Qxe2 33. Qe4 Qxc2
34. Qg6+ Kf8 35. Qxf6+ Ke8 36. Qe6+ Kd8 37. Qg8+ Kd7 38. Qe6+ Kd8 39. Qg8+ Kd7 1/2-1/2

[Event "4NCL 2024-25"]
[Site "England ENG"]
[Date "2025.01.26"]
[Round "4.48"]
[White "Ledger, Stephen C"]
[Black "McCarthy, Kevin C"]
[Result "1/2-1/2"]
[WhiteElo "2018"]
[BlackElo "1944"]
[WhiteTeam "Blackthorne"]
[BlackTeam "The Sharks 2"]
[WhiteFideId "404470"]
[BlackFideId "470775"]
[EventDate "2024.11.23"]

1. b3 e5 2. Bb2 Nc6 3. e3 d5 4. Bb5 Ne7 5. Nf3 f6 6. c4 a6 7. Bxc6+ Nxc6 8. cxd5
Qxd5 9. Nc3 Qd3 10. Qe2 Nb4 11. O-O Bg4 12. h3 Qxe2 13. Nxe2 Bxf3 14. gxf3 Nd3
15. Bc3 Ba3 16. Kg2 O-O-O 17. Rab1 Bb4 18. Rfd1 Rd7 19. Bxb4 Nxb4 1/2-1/2

[Event "4NCL 2024-25"]
[Site "England ENG"]
[Date "2025.01.26"]
[Round "4.51"]
[White "Larkin, Vladyslav"]
[Black "Waldhausen Gordon, Frederick"]
[Result "1/2-1/2"]
[WhiteTitle "IM"]
[BlackTitle "FM"]
[WhiteElo "2449"]
[BlackElo "2407"]
[WhiteTeam "CSC/Kingston 1"]
[BlackTeam "Alba"]
[WhiteFideId "14152894"]
[BlackFideId "2409143"]
[EventDate "2024.11.23"]

1. d4 Nf6 2. Bg5 g6 3. Bxf6 exf6 4. e3 Bg7 5. g3 f5 6. Bg2 d6 7. Ne2 O-O 8. O-O
Re8 9. c4 Nd7 10. Nbc3 Nf6 11. Qc2 h5 12. Nd5 Ne4 13. Nec3 c6 14. Nxe4 fxe4 15.
Nc3 Bf5 16. h3 Qd7 17. Kh2 Re7 18. b4 a6 19. a4 Rc8 20. Qb3 Qe6 21. Rab1 Rd7 22.
a5 Bf6 23. Na4 Bd8 24. Rfc1 Qf6 25. Rc2 g5 26. Rbc1 Bg6 27. d5 c5 28. Rb1 h4 29.
bxc5 hxg3+ 30. fxg3 Bxa5 31. Nb6 Bxb6 32. cxb6 Rc5 33. Rd2 Qe5 34. Bf1 f5 35.
Qb2 Qxb2 36. Rbxb2 Kg7 37. h4 Kf6 38. hxg5+ Kxg5 39. Ra2 Rd8 40. Kg1 Ra8 41. Ra3
Bh5 42. Rda2 a5 43. Kf2 Bf3 44. Ke1 Kg4 45. Rh2 Ra6 46. Rh7 Rxb6 47. Rg7+ Kh5
48. Ra2 Rb1+ 49. Kf2 Bg4 50. Kg1 Bh3 51. Rh7+ Kg4 52. Rh4+ Kxg3 53. Rxh3+ Kg4
54. Kh2 f4 55. Rg2+ Kf5 56. Rh8 fxe3 57. Rh5+ Kf6 58. Be2 a4 59. Bg4 a3 60. Rf5+
Ke7 61. Be2 Rb2 62. Rg7+ Ke8 63. Rg8+ Ke7 64. Rg7+ Ke8 65. Rg8+ Ke7 66. Rg7+ Ke8
67. Rg8+ Ke7 1/2-1/2

[Event "4NCL 2024-25"]
[Site "England ENG"]
[Date "2025.01.26"]
[Round "4.52"]
[White "Olson, Hamish"]
[Black "Jogstad, Martin"]
[Result "1-0"]
[WhiteTitle "FM"]
[BlackTitle "FM"]
[WhiteElo "2368"]
[BlackElo "2375"]
[WhiteTeam "Alba"]
[BlackTeam "CSC/Kingston 1"]
[WhiteFideId "2404257"]
[BlackFideId "1715364"]
[EventDate "2024.11.23"]

1. Nf3 d5 2. g3 Nf6 3. Bg2 c6 4. O-O h6 5. d3 Bf5 6. c4 e6 7. Qb3 Qb6 8. Be3
Qxb3 9. axb3 a6 10. Bd4 Nbd7 11. Bc3 Bd6 12. b4 O-O 13. Nd4 Bg6 14. Nb3 e5 15.
Na5 Rab8 16. e4 dxe4 17. dxe4 Bxe4 18. Rd1 Bxg2 19. Rxd6 Bh3 20. Nd2 Bf5 21. f3
Rfc8 22. g4 Be6 23. h4 Ne8 24. Rxd7 Bxd7 25. Bxe5 Nc7 26. c5 b6 27. Nac4 bxc5
28. bxc5 f6 29. Bg3 Ne6 30. Bxb8 Rxb8 31. Ne4 Rb3 32. Rd1 Be8 33. Rd6 Kf7 34.
Kf2 Ke7 35. Rd2 Rb5 36. Ncd6 Rb3 37. Nf5+ Kf8 38. h5 Nf4 39. Rd8 Rxb2+ 40. Ke1
Rb1+ 41. Kd2 Rb2+ 42. Kc3 Ra2 43. Nfd6 Ne2+ 44. Kc4 1-0

[Event "4NCL 2024-25"]
[Site "England ENG"]
[Date "2025.01.26"]
[Round "4.53"]
[White "Bottazzi, Ulysse"]
[Black "Gourlay, Iain"]
[Result "1/2-1/2"]
[WhiteTitle "FM"]
[BlackTitle "FM"]
[WhiteElo "2329"]
[BlackElo "2297"]
[WhiteTeam "CSC/Kingston 1"]
[BlackTeam "Alba"]
[WhiteFideId "45102988"]
[BlackFideId "2401533"]
[EventDate "2024.11.23"]

1. e4 c6 2. Nf3 d5 3. Nc3 dxe4 4. Nxe4 Nf6 5. Qe2 Nxe4 6. Qxe4 Be6 7. Qf4 Qd6 8.
d4 Nd7 9. Bd3 Bd5 10. Ne5 g6 11. O-O Bg7 12. Re1 Nxe5 13. dxe5 Qc7 14. a4 O-O
15. Qg3 c5 16. Bd2 c4 17. Bf1 Rfd8 18. Bc3 Be6 19. a5 Qc6 20. Qe3 Bf5 21. g3 Be6
22. Bg2 Bd5 23. Bxd5 Rxd5 24. Rad1 a6 25. Rxd5 Qxd5 26. e6 f5 27. Bxg7 Kxg7 28.
Qa3 Kf8 29. Qc3 Kg8 30. Qb4 Kf8 31. Qc3 Kg8 32. Qb4 Kf8 33. Qc3 1/2-1/2

[Event "4NCL 2024-25"]
[Site "England ENG"]
[Date "2025.01.26"]
[Round "4.54"]
[White "Vijayakumar, Rishi"]
[Black "Pein, Malcolm"]
[Result "1/2-1/2"]
[WhiteTitle "FM"]
[BlackTitle "IM"]
[WhiteElo "2317"]
[BlackElo "2282"]
[WhiteTeam "Alba"]
[BlackTeam "CSC/Kingston 1"]
[WhiteFideId "2408953"]
[BlackFideId "400289"]
[EventDate "2024.11.23"]

1. d4 d5 2. c4 e6 3. Nc3 Nf6 4. Nf3 c6 5. e3 Nbd7 6. Qc2 Bd6 7. g4 h6 8. Bd2 Qe7
9. Rg1 e5 10. cxd5 Nxd5 11. Ne4 exd4 12. Nxd6+ Qxd6 13. Nxd4 Qxh2 14. Rg2 Qe5
15. f3 O-O 16. Nf5 N7f6 17. O-O-O a5 18. a3 Be6 19. e4 Nb4 20. axb4 axb4 21. Be3
Ra1+ 22. Kd2 Rd8+ 23. Nd4 Rxd1+ 24. Kxd1 c5 25. Rd2 cxd4 26. Qd3 Ra8 27. Bxd4
Ra1+ 28. Ke2 Qh2+ 29. Bf2 Nxg4 30. fxg4 Bxg4+ 31. Ke3 Qh1 32. Be2 Bxe2 33. Qxe2
Ra8 34. Qg4 Qc1 35. Qd7 Qc5+ 36. Ke2 Qh5+ 37. Ke3 Qg5+ 38. Ke2 Qh5+ 39. Ke3 Qg5+
40. Ke2 Qh5+ 1/2-1/2

[Event "4NCL 2024-25"]
[Site "England ENG"]
[Date "2025.01.26"]
[Round "4.55"]
[White "Maycock Bates, David Henry"]
[Black "Shafi, Declan"]
[Result "1-0"]
[WhiteTitle "CM"]
[WhiteElo "2288"]
[BlackElo "2194"]
[WhiteTeam "CSC/Kingston 1"]
[BlackTeam "Alba"]
[WhiteFideId "5142547"]
[BlackFideId "2405156"]
[EventDate "2024.11.23"]

1. e4 e5 2. Nf3 Nc6 3. Bb5 a6 4. Ba4 Nf6 5. O-O Be7 6. Re1 b5 7. Bb3 d6 8. c3
Na5 9. Bc2 c5 10. h3 Qc7 11. d4 Bd7 12. b3 cxd4 13. cxd4 Rc8 14. Re2 O-O 15. Bb2
Nc6 16. Nc3 exd4 17. Nxd4 b4 18. Nd5 Nxd5 19. exd5 Nxd4 20. Qxd4 Bf6 21. Qd3 g6
22. Bxf6 Bb5 23. Qe3 1-0

[Event "4NCL 2024-25"]
[Site "England ENG"]
[Date "2025.01.26"]
[Round "4.56"]
[White "McKay, Roderick M"]
[Black "Bezuidenhout, Roland"]
[Result "0-1"]
[WhiteTitle "IM"]
[BlackTitle "FM"]
[WhiteElo "2183"]
[BlackElo "2311"]
[WhiteTeam "Alba"]
[BlackTeam "CSC/Kingston 1"]
[WhiteFideId "2400049"]
[BlackFideId "14304562"]
[EventDate "2024.11.23"]

1. d4 Nf6 2. Nf3 d5 3. c4 e6 4. Nc3 a6 5. cxd5 exd5 6. Bg5 c6 7. Qc2 Be6 8. e3
Nbd7 9. Bd3 Bd6 10. O-O Qc7 11. h3 h6 12. Bxf6 Nxf6 13. Rab1 Qd7 14. Ne5 Qc7 15.
f4 c5 16. Rbc1 O-O 17. Qd2 cxd4 18. exd4 Qb6 19. Bb1 Rad8 20. Na4 Qb5 21. Nc5
Ne4 22. Qe3 Qxb2 23. Bxe4 dxe4 24. Rb1 Bxc5 25. dxc5 Qxa2 26. Qg3 Rd2 27. f5
Bxf5 28. Rxb7 Qd5 29. c6 e3 30. Rxf5 e2 31. Nxf7 e1=Q+ 0-1

[Event "4NCL 2024-25"]
[Site "England ENG"]
[Date "2025.01.26"]
[Round "4.57"]
[White "Jarocka, Liwia"]
[Black "Berry, Neil"]
[Result "1/2-1/2"]
[WhiteTitle "FM"]
[BlackTitle "FM"]
[WhiteElo "2231"]
[BlackElo "2254"]
[WhiteTeam "CSC/Kingston 1"]
[BlackTeam "Alba"]
[WhiteFideId "21807558"]
[BlackFideId "2400650"]
[EventDate "2024.11.23"]

1. d4 Nf6 2. c4 e6 3. Nc3 Bb4 4. e3 O-O 5. a3 Bxc3+ 6. bxc3 Nc6 7. Bd3 e5 8. Ne2
e4 9. Bb1 b6 10. Ng3 Ba6 11. Nxe4 Nxe4 12. Bxe4 Bxc4 13. Bd3 Bxd3 14. Qxd3 d5
15. c4 dxc4 16. Qxc4 Na5 17. Qa4 c5 18. O-O cxd4 19. exd4 Rc8 20. Be3 Qd5 21.
Rac1 h6 22. Qd1 Rc4 23. Qg4 f5 24. Qg6 f4 25. Bd2 Rc6 26. Qg4 Rxc1 27. Rxc1 Nc6
28. Bxf4 h5 29. Qg5 Qxg5 30. Bxg5 Nxd4 31. Kf1 Rf5 32. Rc8+ Kh7 33. Be3 Rd5 34.
a4 Nf5 35. Ke2 Nxe3 36. fxe3 Ra5 37. Rc4 Kg6 38. h4 Kf5 39. Kf3 Ke5 40. g4 hxg4+
41. Rxg4 Kf6 42. Rc4 Ke5 43. Rg4 Kf6 1/2-1/2